banner-ar

المناهج فى علم النفس / (Record no. 36590)

MARC details
000 -الفاتح
حقل البيانات ثابتة الطول 00691nam a2200229Ia 4500
008 - عناصر البيانات ثابتة الطول - معلومات عامة
حقل البيانات ثابتة الطول 140319s9999 xx 000 0 ara d
040 ## - مصدر الفهرسة
وكالة الفهرسة الأصلية GCL /
وكالة النسخ GCL
082 04 - رقم تصنيف ديوى العشرى
رقم التصنيف 157
رقم المادة ز م
100 1# - المدخل الرئيسى - إسم شخصى
الإسم الشخصى على مقلد
245 10 - بيان العنوان
العنوان المناهج فى علم النفس /
بيان المسئوليه,etc على مقلد
700 1# - المدخل الاضافى - اسم شخصى
الإسم الشخصى روطن موريس
260 ## - PUBLICATION, DISTRIBUTION, ETC. (IMPRINT)
تاريخ النشر أو التوزيع 1983
300 ## - الوصف المادى
التعداد 158 ص
490 ## - بيان السلسلة
عنوان السلسلة ماذا اعرف
رقم المجلد/ التعيين التسلسلي 0
650 04 - المدخل الاضافى بالموضوع-مصطلح موضوعى
مصطلح موضوعي علم النفس
650 04 - المدخل الاضافى بالموضوع-مصطلح موضوعى
مصطلح موضوعي علم النفس العلاجى
650 04 - المدخل الاضافى بالموضوع-مصطلح موضوعى
مصطلح موضوعي الطرق الاحصائية
650 04 - المدخل الاضافى بالموضوع-مصطلح موضوعى
مصطلح موضوعي علم النفس التجريبى
650 04 - المدخل الاضافى بالموضوع-مصطلح موضوعى
مصطلح موضوعي طرق القياس
942 ## - عناصر المدخل الإضافي( كوها)
مصدر التصنيف او مخطط الترفيف Dewey Decimal Classification
Koha [default] item type كتاب
260 ## - PUBLICATION, DISTRIBUTION, ETC. (IMPRINT)
-- [S.N] :
-- المنشورات العربية ،
Holdings
حالة التراجع حالة الفقد مصدر التصنيف او خطة الترفيف حالة تلف ليس للاعارة المكان المؤقت الموقع الحالى تاريخ الاكتساب اجمالي اﻻعارات رقم الطلب الباركود تاريخ اخر مشاهدة تاريخ تفعيل السعر نوع وعاء كوها تبصرة عامة
    ddc     مكتبة القاهرة الكبرى مكتبة القاهرة الكبرى 03/26/2014   157\ز م 89041 03/26/2014 03/26/2014 كتاب نسخة تالفه

Powered By

EGPV